| 000 | 00548nam a22001937a 4500 | ||
|---|---|---|---|
| 003 | OSt | ||
| 005 | 20140310182211.0 | ||
| 008 | 130906t xxu||||| |||| 00| 0 eng d | ||
| 020 | _a9782894293904 | ||
| 050 |
_aTX 767.C5 _b.C451 1985 |
||
| 082 |
_aHS 641.3374 _bC633 1985 |
||
| 100 |
_aCobb, Juliet _916787 |
||
| 245 |
_aThe chocolate lover's cookbook / _cJuliet Cobb. |
||
| 260 |
_aCanada : _bTormont Publications, _c1985. |
||
| 300 |
_a96p. ; _bcol. ,ill.; _c 28 cm. |
||
| 650 |
_aChocolate _916788 |
||
| 942 |
_2lcc _cHS |
||
| 999 |
_c10479 _d10479 |
||